The stereocomparator Part II Planimetric control (Record no. 87262)

MARC details
000 -LEADER
fixed length control field 00532cam a2200205 4500
001 - CONTROL NUMBER
control field D14373
008 - FIXED-LENGTH DATA ELEMENTS--GENERAL INFORMATION
fixed length control field 090401t1943 xxu||||| |||| 00| 0 eng d
035 ## - SYSTEM CONTROL NUMBER
System control number (Sirsi) u15195
041 ## - LANGUAGE CODE
Language code of text/sound track or separate title eng
100 ## - MAIN ENTRY--PERSONAL NAME
Personal name Thompson, Major E.H.
245 #4 - TITLE STATEMENT
Title The stereocomparator Part II Planimetric control
260 ## - PUBLICATION, DISTRIBUTION, ETC.
Place of publication, distribution, etc. Cairo
Date of publication, distribution, etc. 1943
300 ## - PHYSICAL DESCRIPTION
Extent 54p. 30cm
350 ## - PRICE (NR) (BK AM CF MU VM SE) [OBSOLETE]
Price 0
490 ## - SERIES STATEMENT
Series statement Technical Pamphlet
Volume/sequential designation 10
520 ## - SUMMARY, ETC.
Summary, etc. Shelf 183
710 ## - ADDED ENTRY--CORPORATE NAME
Corporate name or jurisdiction name as entry element War Office. Survey Directorate. GHQ Middle East
9 (RLIN) 3249
942 ## - ADDED ENTRY ELEMENTS (KOHA)
Suppress in OPAC 0
948 ## - LOCAL PROCESSING INFORMATION (OCLC); SERIES PART DESIGNATOR (RLIN)
c (OCLC) 04/03/1997
Holdings
Withdrawn status Lost status Source of classification or shelving scheme Damaged status Not for loan Home library Current library Shelving location Date acquired Total Checkouts Full call number Barcode Date last seen Copy number Price effective from Koha item type
    Other/Generic Classification Scheme     London London Basement 14/09/1999   SHELF 183 30014071 06/08/2019 1 06/08/2019 Reference material